| 000 | 01357nam a22003497a 4500 | ||
|---|---|---|---|
| 003 | CHAP | ||
| 005 | 20220329143552.0 | ||
| 008 | 100609s2008 mx a r 00010 spa d | ||
| 010 | _a98652 | ||
| 011 | _a99624 | ||
| 020 | _a9789680204427 | ||
| 035 | _a110310 | ||
| 040 | _cCHAP | ||
| 082 | 1 | 4 |
_a628.1 _bSn19 |
| 100 | 0 | 0 |
_aSánchez García, Pastor. _9107539 |
| 245 | 1 | 0 |
_aValoración económica del recurso agua: _ben el área de protección de flora y fauna sierra de Álamos-Rio Cuchujaqui, Álamos Sonora, México _c/por Pastor Sánchez García y A. Guillermo Ramírez García |
| 260 |
_aObregón, Son. : _bUACH, Centro Regional Universitario del Noroeste, _c2008 |
||
| 300 |
_a92 p. : _bilus., cuadros |
||
| 590 |
_aBATCH-UPD _b10 _c20130110 _lUCH01 _h1006 |
||
| 590 |
_aBATCH-UPD _b10 _c20130410 _lUCH01 _h0616 |
||
| 590 |
_aBATCH-UPD _b10 _c20130914 _lUCH01 _h1952 |
||
| 590 |
_aCONVERSION _b10 _c20130109 _lUCH01 _h1354 |
||
| 650 | 0 | 4 |
_aAgua _xAbastecimiento _xCostos. _92238 |
| 650 | 1 | 4 |
_aAgua _xAprovechamiento. _92282 |
| 650 | 1 | 4 |
_aAgua _xDistribucion. _92366 |
| 700 | 0 |
_aRamírez García, Adán Guillermo. _994003 |
|
| 901 | _aBK | ||
| 911 | _aen proceso | ||
| 942 | _cLIBRO | ||
| 949 |
_a628.1 Sn19 _bBC _cLIBRO _d33724002174066 _eLIBRO _fc.2 _gI.c/e _h112873 _i110310 _sb |
||
| 949 |
_a628.1 Sn19 _bBC _cUACH _d33724002174025 _eUACH _gI.c/e _h112852 _i110310 _sb |
||
| 999 |
_c98652 _d98652 |
||